[Event "Hannover-ch MT"]
[Site "Hannover"]
[Date "2004.09.17"]
[Round "4"]
[White "Schulze, Torben"]
[Black "Krotov, Evgeni"]
[Result "1/2-1/2"]
[WhiteElo "1836"]
[BlackElo "2028"]
[PlyCount "81"]
[EventDate "2004.09.16"]
[EventType "swiss"]
[EventRounds "7"]
[EventCountry "GER"]
[SourceTitle "EXT 2021"]
[Source "ChessBase"]
[SourceDate "2020.10.23"]
[SourceVersion "1"]
[SourceVersionDate "2020.10.23"]
[SourceQuality "1"]

1. e4 c5 2. Nc3 Nc6 3. f4 g6 4. Nf3 Bg7 5. Bc4 e6 6. f5 Nd4 7. fxe6 dxe6 8. 0-0 Ne7 9. d3 0-0 10. Bg5 a6 11. e5 b5 12. Bb3 Bb7 13. Ne4 Bxe4 14. dxe4 Nxf3+ 15. gxf3 Qxd1 16. Raxd1 Nc6 17. c3 Nxe5 18. f4 c4 19. Bc2 Ng4 20. Rf3 f6 21. Bh4 g5 22. fxg5 fxg5 23. Rxf8+ Rxf8 24. Bxg5 Nf2 25. Be7 Nh3+ 26. Kg2 Rf2+ 27. Kxh3 Rxc2 28. Rg1 Kf7 29. Ba3 Re2 30. Kg4 Rxh2 31. Rd1 h5+ 32. Kg5 Bf6+ 33. Kh6 Bg7+ 34. Kh7 Bf6 35. Rd7+ Ke8 36. Rd6 h4 37. Kg6 Bd8 38. Rxe6+ Kd7 39. Rd6+ Kc7 40. Rxa6 Rg2+ 41. Kf5 1/2-1/2

[Event "Hannover-ch op"]
[Site "Hannover"]
[Date "2003.10.25"]
[Round "5"]
[White "Hilburt, Leonid"]
[Black "Krotov, Evgeni"]
[Result "1/2-1/2"]
[WhiteElo "2047"]
[BlackElo "1982"]
[PlyCount "54"]
[EventDate "2003.10.23"]
[EventType "swiss"]
[EventRounds "7"]
[EventCountry "GER"]
[SourceTitle "EXT 2021"]
[Source "ChessBase"]
[SourceDate "2020.10.23"]
[SourceVersion "1"]
[SourceVersionDate "2020.10.23"]
[SourceQuality "1"]

1. e4 c5 2. Nc3 d6 3. g3 g6 4. Bg2 Bg7 5. f4 Nc6 6. Nge2 e5 7. d3 Nge7 8. 0-0 Nd4 9. h3 Nec6 10. Nd5 Nxe2+ 11. Qxe2 Be6 12. c3 Bxd5 13. exd5 Ne7 14. Qf2 exf4 15. Bxf4 0-0 16. Rae1 Nc8 17. Re2 b5 18. Qe1 a5 19. a3 Ra7 20. Qd2 Re8 21. Rfe1 Rae7 22. Bf3 Rxe2 23. Rxe2 Rxe2 24. Qxe2 h5 25. Kg2 Bf6 26. h4 Ne7 27. Be4 Qd7 1/2-1/2

[Event "Hannover-ch op"]
[Site "Hannover"]
[Date "2003.10.23"]
[Round "2"]
[White "Leppert, Hans Juergen"]
[Black "Krotov, Evgeni"]
[Result "0-1"]
[WhiteElo "1783"]
[BlackElo "1982"]
[PlyCount "44"]
[EventDate "2003.10.23"]
[EventType "swiss"]
[EventRounds "7"]
[EventCountry "GER"]
[SourceTitle "EXT 2021"]
[Source "ChessBase"]
[SourceDate "2020.10.23"]
[SourceVersion "1"]
[SourceVersionDate "2020.10.23"]
[SourceQuality "1"]

1. d4 d6 2. Bg5 g6 3. e4 Bg7 4. c3 Nf6 5. Bd3 e5 6. Nf3 Nbd7 7. 0-0 0-0 8. Nbd2 Re8 9. Re1 h6 10. Bh4 g5 11. Bg3 Nh5 12. Nxe5 Nxe5 13. Bxe5 dxe5 14. Qxh5 exd4 15. Bc4 Be6 16. Bxe6 Rxe6 17. Nb1 Qe7 18. Qg4 Re8 19. f3 Qc5 20. Kh1 Qb5 21. a4 Qxb2 22. Ra3 Bf8 0-1

[Event "Hannover Region-ch op"]
[Site "Hannover"]
[Date "2003.03.15"]
[Round "7"]
[White "Diskin, Semen"]
[Black "Krotov, Evgeni"]
[Result "1/2-1/2"]
[WhiteElo "1945"]
[BlackElo "2086"]
[PlyCount "20"]
[EventDate "2003.01.25"]
[EventType "swiss"]
[EventRounds "7"]
[EventCountry "GER"]
[SourceTitle "EXT 2022"]
[Source "ChessBase"]
[SourceDate "2021.10.06"]
[SourceVersion "1"]
[SourceVersionDate "2021.10.06"]
[SourceQuality "1"]

1. Nf3 g6 2. g3 Bg7 3. Bg2 e5 4. d3 d5 5. Nbd2 Nc6 6. e4 Nf6 7. 0-0 0-0 8. Re1 Re8 9. c3 Bg4 10. Qc2 Qd7 1/2-1/2